000 00675nam a2200241Ia 4500
003 OSt
005 20220928105333.0
006 a|||||r|||| 00| 0
007 ta
008 220927b |||||||| |||| 00| 0 eng d
024 _a118777
037 _cTextual
040 _aSDCL
_cSDCL
_beng
041 _2eng
_aeng
082 _a4332, P7
100 _aDwivedi Manisha
_9414837
245 0 _aRadio patrakarita aur prasaran ke siddhant.
260 _aNew Delhi
_bKanishk Publishars
_c2007
300 _a348p
_ccm.
700 _a Sharma Shashiprabha
_9414838
942 _h4332, P7
_cTEXL
_2CC
999 _c730658
_d730658